The Handbook of Human-Machine Interaction: A Human-Centered Design Approach (Record no. 591362)

000 -LEADER
fixed length control field 00391nam a22001337a 4500
020 ## - INTERNATIONAL STANDARD BOOK NUMBER
International Standard Book Number 9781138075828
040 ## - CATALOGING SOURCE
Transcribing agency NUST
082 ## - DEWEY DECIMAL CLASSIFICATION NUMBER
Classification number 620.82 BOY
100 ## - MAIN ENTRY--PERSONAL NAME
Personal name Boy, Guy A.
9 (RLIN) 98784
245 ## - TITLE STATEMENT
Title The Handbook of Human-Machine Interaction: A Human-Centered Design Approach
260 ## - PUBLICATION, DISTRIBUTION, ETC.
Place of publication, distribution, etc. Boca Raton:
Name of publisher, distributor, etc. CRC Press,
Date of publication, distribution, etc. 2017.
650 ## - SUBJECT ADDED ENTRY--TOPICAL TERM
Topical term or geographic name entry element Human-machine systems.NUSTTB2022
9 (RLIN) 102878
942 ## - ADDED ENTRY ELEMENTS (KOHA)
Source of classification or shelving scheme
Koha item type Book
Holdings
Withdrawn status Lost status Source of classification or shelving scheme Damaged status Not for loan Permanent Location Current Location Shelving location Date acquired Total Checkouts Full call number Barcode Date last seen Price effective from Koha item type
          College of Electrical & Mechanical Engineering (CEME) College of Electrical & Mechanical Engineering (CEME) General Stacks 09/05/2022   620.82 BOY CEME-50856 09/05/2022 09/05/2022 Book
          College of Electrical & Mechanical Engineering (CEME) College of Electrical & Mechanical Engineering (CEME) General Stacks 10/12/2022   280 SCB CEME-50856-A 10/12/2022 10/12/2022 Book
© 2023 Central Library, National University of Sciences and Technology. All Rights Reserved.